Komparácia daňového systému SR s daňovým systémom Českej republiky so zameraním na daň z príjmov fyzických osôb diplomová práca

Salvato in:
Dettagli Bibliografici
Autore principale: Fogelová, Monika
Ente Autore: Fakulta podnikového manažmentu EU. Katedra podnikových financií
Altri autori: Ďurinová, Ivona, 1964-
Natura: Libro
Lingua:slovacco
Pubblicazione: Bratislava 2011
Tags: Aggiungi Tag
Nessun Tag, puoi essere il primo ad aggiungerne!!

MARC

LEADER 00000nbm a2200000 4500
001 0131261
005 20161109101650.8
041 0 |a slo 
044 |a SK 
245 1 0 |a Komparácia daňového systému SR s daňovým systémom Českej republiky so zameraním na daň z príjmov fyzických osôb  |b diplomová práca  |c Monika Fogelová ; školiteľ: Ivona Ďurinová 
264 1 |a Bratislava  |c 2011 
300 |a 102 s. 
100 1 |a Fogelová, Monika 
700 1 |a Ďurinová, Ivona, 1964- 
710 2 |a Fakulta podnikového manažmentu EU. Katedra podnikových financií